[Event "10. Open Pueblo Nuevo 2023"]
[Site "Madrid ESP"]
[Date "2023.09.28"]
[Round "6.12"]
[White "Lopez Guitian, Juan J."]
[Black "Villodre Miranda, Juan Alonso"]
[Result "0-1"]
[WhiteElo "1468"]
[BlackElo "1507"]
[PlyCount "72"]
[EventDate "2023.09.23"]
[EventType "swiss"]
[EventRounds "9"]
[EventCountry "ESP"]
[SourceTitle "Ajedrez en Madrid"]
[Source "lmi"]
[SourceDate "2023.09.23"]
[SourceVersion "1"]
[SourceVersionDate "2023.10.01"]
[SourceQuality "1"]

1. e4 c6 2. Nf3 e6 3. d4 d5 4. e5 h6 5. h4 Nd7 6. Bd3 c5 7. Nc3 cxd4 8. Nb5 a6
9. Nbxd4 Ne7 10. Bd2 Nc6 11. Nxc6 bxc6 12. Bc3 Qc7 13. Qd2 c5 14. Ba5 Nxe5 15.
Nxe5 Qxe5+ 16. Qe2 Qxe2+ 17. Kxe2 d4 18. h5 Bb7 19. f3 Ke7 20. Kf2 Kf6 21. Bd2
Bd6 22. a3 a5 23. Rab1 Bc6 24. Rhc1 Rhb8 25. b3 Rb7 26. Rb2 e5 27. Rcb1 Ke6 28.
b4 axb4 29. axb4 cxb4 30. Be4 Bxe4 31. fxe4 f5 32. exf5+ Kxf5 33. Bxb4 Rab8 34.
Ba3 Rxb2 35. Bxb2 e4 36. Bc1 Kg4 0-1

[Event "10. Open Pueblo Nuevo 2023"]
[Site "Madrid ESP"]
[Date "2023.09.28"]
[Round "6.13"]
[White "Valido Gonzalez, Himar"]
[Black "Priego Moreno, Juan Manuel"]
[Result "1-0"]
[WhiteElo "1439"]
[BlackElo "1469"]
[PlyCount "81"]
[EventDate "2023.09.23"]
[EventType "swiss"]
[EventRounds "9"]
[EventCountry "ESP"]
[SourceTitle "Ajedrez en Madrid"]
[Source "lmi"]
[SourceDate "2023.09.23"]
[SourceVersion "1"]
[SourceVersionDate "2023.10.01"]
[SourceQuality "1"]

1. e4 e5 2. Nf3 Nc6 3. Bc4 Bc5 4. O-O Nf6 5. d4 Bxd4 6. Nxd4 Nxd4 7. Bg5 h6 8.
Bh4 g5 9. f4 d5 10. exd5 Nxd5 11. Bxd5 Qxd5 12. fxg5 hxg5 13. Bxg5 Be6 14. c3
Rg8 15. h4 Nc6 16. Qxd5 Bxd5 17. Nd2 Kd7 18. c4 Be6 19. b3 f5 20. Rad1 Nd4 21.
Nf3 c5 22. Nxe5+ Kc7 23. Nd3 b6 24. Rde1 Rae8 25. Nf4 Kb7 26. Nxe6 Nxe6 27.
Rxf5 Nxg5 28. Rxe8 Rxe8 29. hxg5 Rg8 30. Kf2 Ka6 31. Kg3 Ka5 32. Kg4 Kb4 33.
Rf2 a5 34. Rf6 Rb8 35. g6 a4 36. Rf3 b5 37. cxb5 Kxb5 38. Kg5 Kb4 39. g7 Rg8
40. Kg6 axb3 41. axb3 1-0

[Event "10. Open Pueblo Nuevo 2023"]
[Site "Madrid ESP"]
[Date "2023.09.29"]
[Round "7.1"]
[White "Pinto, Daniel"]
[Black "Martinez Fernandez, Raul"]
[Result "1-0"]
[WhiteElo "2274"]
[BlackElo "2228"]
[PlyCount "89"]
[EventDate "2023.09.23"]
[EventType "swiss"]
[EventRounds "9"]
[EventCountry "ESP"]
[SourceTitle "Ajedrez en Madrid"]
[Source "lmi"]
[SourceDate "2023.09.23"]
[SourceVersion "1"]
[SourceVersionDate "2023.10.01"]
[SourceQuality "1"]

1. Nf3 d5 2. g3 Nf6 3. Bg2 e6 4. O-O Be7 5. b3 O-O 6. Bb2 c5 7. c4 d4 8. b4
Nfd7 9. e3 dxe3 10. fxe3 cxb4 11. d4 Nc6 12. Nbd2 b6 13. Rc1 Ba6 14. Nb3 Rc8
15. Rf2 Ncb8 16. Rfc2 Bb7 17. Rf2 Nf6 18. Nbd2 Ne4 19. Nxe4 Bxe4 20. Bh3 Rc7
21. Nd2 Bb7 22. Qg4 Bg5 23. Qe2 Ba6 24. Qe1 Bh6 25. a3 Qg5 26. axb4 Qxe3 27.
Qf1 Qg5 28. b5 Bc8 29. Re1 Rd8 30. Nf3 Qe7 31. Ne5 f6 32. Nf3 Qb4 33. Rc2 Re8
34. Qd3 Qf8 35. Ba3 Qf7 36. Bd6 Rb7 37. Rce2 Nd7 38. Rxe6 Ne5 39. Nxe5 fxe5 40.
Rxe8+ Qxe8 41. Bxc8 Qxc8 42. dxe5 Bg5 43. Qd5+ Kh8 44. Rf1 Be7 45. Qc6 1-0

[Event "10. Open Pueblo Nuevo 2023"]
[Site "Madrid ESP"]
[Date "2023.09.29"]
[Round "7.2"]
[White "Rottenwohrer Suarez, Juan"]
[Black "Mkrtchyan, Levon"]
[Result "1/2-1/2"]
[WhiteElo "2281"]
[BlackElo "2233"]
[PlyCount "75"]
[EventDate "2023.09.23"]
[EventType "swiss"]
[EventRounds "9"]
[EventCountry "ESP"]
[SourceTitle "Ajedrez en Madrid"]
[Source "lmi"]
[SourceDate "2023.09.23"]
[SourceVersion "1"]
[SourceVersionDate "2023.10.01"]
[SourceQuality "1"]

1. d4 d5 2. c4 e6 3. Nf3 h6 4. Nc3 Nf6 5. Bf4 Bd6 6. Bxd6 Qxd6 7. e3 O-O 8. Rc1
a6 9. c5 Qe7 10. Be2 Nbd7 11. O-O c6 12. b4 e5 13. dxe5 Nxe5 14. Qd4 Re8 15. a4
Bf5 16. Rfe1 Nxf3+ 17. Bxf3 Be4 18. Bxe4 Nxe4 19. Ne2 Qh4 20. Rf1 Qh5 21. Qb2
Nf6 22. b5 axb5 23. axb5 Ng4 24. h3 Ne5 25. Nf4 Qf5 26. Ra1 Qe4 27. Rxa8 Rxa8
28. Ra1 Rxa1+ 29. Qxa1 Kh7 30. Kh2 cxb5 31. Nh5 f6 32. Qa7 Qc2 33. Qxb7 Nf3+
34. Kg3 Qg6+ 35. Kxf3 Qxh5+ 36. Kg3 Qe5+ 37. Kf3 Qe4+ 38. Kg3 1/2-1/2

[Event "10. Open Pueblo Nuevo 2023"]
[Site "Madrid ESP"]
[Date "2023.09.29"]
[Round "7.3"]
[White "Martinez Ramirez, Lennis"]
[Black "Barahona Torrijos, Angel"]
[Result "1-0"]
[WhiteElo "2464"]
[BlackElo "1745"]
[PlyCount "27"]
[EventDate "2023.09.23"]
[EventType "swiss"]
[EventRounds "9"]
[EventCountry "ESP"]
[SourceTitle "Ajedrez en Madrid"]
[Source "lmi"]
[SourceDate "2023.09.23"]
[SourceVersion "1"]
[SourceVersionDate "2023.10.01"]
[SourceQuality "1"]

1. c4 e6 2. Nf3 d5 3. d4 Nf6 4. g3 dxc4 5. Qa4+ Bd7 6. Qxc4 Bc6 7. Bg2 Nbd7 8.
O-O Nb6 9. Qd3 Be4 10. Qe3 Bd6 11. Nbd2 Bd5 12. Qd3 c5 13. e4 c4 14. Qc2 1-0

[Event "10. Open Pueblo Nuevo 2023"]
[Site "Madrid ESP"]
[Date "2023.09.29"]
[Round "7.5"]
[White "Longa Yauca, Javier"]
[Black "De la Torre Campo, Rafael"]
[Result "1-0"]
[WhiteElo "2197"]
[BlackElo "1719"]
[PlyCount "53"]
[EventDate "2023.09.23"]
[EventType "swiss"]
[EventRounds "9"]
[EventCountry "ESP"]
[SourceTitle "Ajedrez en Madrid"]
[Source "lmi"]
[SourceDate "2023.09.23"]
[SourceVersion "1"]
[SourceVersionDate "2023.10.01"]
[SourceQuality "1"]

1. e4 c5 2. Nc3 Nc6 3. f4 d6 4. Nf3 g6 5. Bb5 Bd7 6. Bxc6 bxc6 7. O-O Bg7 8. b3
e6 9. Bb2 Ne7 10. e5 d5 11. Na4 c4 12. Qe1 O-O 13. Ba3 cxb3 14. axb3 Re8 15.
Qh4 Nf5 16. Qxd8 Rexd8 17. g4 Nh6 18. h3 c5 19. Bxc5 Bb5 20. d3 Rdc8 21. b4 f6
22. Nc3 a6 23. Nxb5 axb5 24. Rxa8 Rxa8 25. exf6 Bf8 26. Nd4 Bxc5 27. bxc5 1-0

[Event "10. Open Pueblo Nuevo 2023"]
[Site "Madrid ESP"]
[Date "2023.09.29"]
[Round "7.6"]
[White "Estevez Sacristan, Deva"]
[Black "Aldea Moreno, Marina"]
[Result "1-0"]
[WhiteElo "1948"]
[BlackElo "1643"]
[PlyCount "101"]
[EventDate "2023.09.23"]
[EventType "swiss"]
[EventRounds "9"]
[EventCountry "ESP"]
[SourceTitle "Ajedrez en Madrid"]
[Source "lmi"]
[SourceDate "2023.09.23"]
[SourceVersion "1"]
[SourceVersionDate "2023.10.01"]
[SourceQuality "1"]

1. e4 c5 2. Nc3 Nc6 3. Nf3 g6 4. d4 cxd4 5. Nxd4 Bg7 6. Be3 Nf6 7. Bc4 d6 8. f3
Bd7 9. Qd2 a6 10. O-O-O Ne5 11. Bb3 Rc8 12. g4 Nc4 13. Bxc4 Rxc4 14. h4 h5 15.
gxh5 Rxh5 16. Rdg1 Qc8 17. Nde2 Kf8 18. Bd4 e5 19. Be3 Qc7 20. Rd1 Rc6 21. Bg5
Be6 22. Kb1 Nd7 23. Ng3 Rh8 24. h5 f6 25. h6 Kf7 26. hxg7 Rxh1 27. Rxh1 Rxc3
28. Qxc3 Qxc3 29. bxc3 fxg5 30. g8=Q+ Kxg8 31. Rd1 Kf7 32. Rxd6 Ke7 33. Rd1 Nb6
34. Nf1 Nc4 35. Nd2 Nd6 36. Rg1 Kf6 37. Kb2 Nc4+ 38. Nxc4 Bxc4 39. Rg2 b5 40.
a4 bxa4 41. Ka3 Bf1 42. Rf2 Bb5 43. Kb4 g4 44. c4 Bc6 45. Kc5 Be8 46. Kd6 a3
47. fxg4+ Kg5 48. Kxe5 a2 49. Rf1 Kxg4 50. Ra1 Bf7 51. c5 1-0

[Event "10. Open Pueblo Nuevo 2023"]
[Site "Madrid ESP"]
[Date "2023.09.29"]
[Round "7.7"]
[White "Toledo Aguirre, Gonzalo"]
[Black "Martin Arbeloa, Fernando"]
[Result "1-0"]
[WhiteElo "1752"]
[BlackElo "1873"]
[PlyCount "67"]
[EventDate "2023.09.23"]
[EventType "swiss"]
[EventRounds "9"]
[EventCountry "ESP"]
[SourceTitle "Ajedrez en Madrid"]
[Source "lmi"]
[SourceDate "2023.09.23"]
[SourceVersion "1"]
[SourceVersionDate "2023.10.01"]
[SourceQuality "1"]

1. d4 Nf6 2. c4 b6 3. Nc3 Bb7 4. Nf3 e6 5. a3 Be7 6. g3 O-O 7. Bg2 Ne4 8. Nxe4
Bxe4 9. O-O d6 10. b4 Bf6 11. Bb2 c5 12. Qd2 Nd7 13. Rfd1 Qc8 14. dxc5 Bxb2 15.
Qxb2 dxc5 16. Ne5 Bxg2 17. Nxd7 Rd8 18. Nf6+ gxf6 19. Kxg2 Qc6+ 20. Kg1 e5 21.
Qc2 Qe6 22. e4 Qe7 23. Rd5 cxb4 24. axb4 Qxb4 25. Rxa7 Qe1+ 26. Kg2 Rxa7 27.
Rxd8+ Kg7 28. Rd1 Qb4 29. Qe2 Qe7 30. Qg4+ Kh8 31. Qc8+ Kg7 32. Rd8 f5 33. Rg8+
Kh6 34. Qxf5 1-0

[Event "10. Open Pueblo Nuevo 2023"]
[Site "Madrid ESP"]
[Date "2023.09.29"]
[Round "7.8"]
[White "Jimenez Gonzalez, Marcos"]
[Black "Fernandez Liria, Cristobal"]
[Result "1/2-1/2"]
[WhiteElo "1775"]
[BlackElo "1634"]
[PlyCount "153"]
[EventDate "2023.09.23"]
[EventType "swiss"]
[EventRounds "9"]
[EventCountry "ESP"]
[SourceTitle "Ajedrez en Madrid"]
[Source "lmi"]
[SourceDate "2023.09.23"]
[SourceVersion "1"]
[SourceVersionDate "2023.10.01"]
[SourceQuality "1"]

1. d4 Nf6 2. c4 e5 3. dxe5 Ng4 4. Nf3 Bc5 5. e3 Nc6 6. Be2 Ngxe5 7. Nxe5 Nxe5
8. O-O d6 9. Nc3 a6 10. Qc2 Be6 11. b3 O-O 12. Bb2 Qg5 13. Qe4 Nc6 14. Nd5 Bxd5
15. cxd5 Ne7 16. Bf3 Rae8 17. Qg4 Qxg4 18. Bxg4 Nxd5 19. Bf3 c6 20. Bxd5 cxd5
21. Rfd1 d4 22. Bxd4 Bxd4 23. Rxd4 Rd8 24. Rad1 Rc8 25. Rxd6 Rc2 26. R6d2 Rxd2
27. Rxd2 Rc8 28. g3 Kf8 29. Kg2 Ke7 30. Rd4 Rc2 31. a4 Rc5 32. b4 Rc2 33. a5
Rc6 34. g4 b6 35. axb6 Rxb6 36. Kg3 Rb5 37. f4 a5 38. Re4+ Kf6 39. bxa5 Rxa5
40. h4 g6 41. g5+ Kg7 42. Re5 Ra1 43. f5 gxf5 44. Rxf5 Rg1+ 45. Kh2 Rg4 46. Kh3
Re4 47. Rf3 Kg6 48. Kg3 Ra4 49. Rf6+ Kg7 50. h5 Ra1 51. h6+ Kf8 52. Kf4 Rf1+
53. Ke5 Rg1 54. Rf5 Ke7 55. e4 Rxg5 56. Rxg5 f6+ 57. Kf5 fxg5 58. Kxg5 Ke6 59.
Kf4 Kf6 60. e5+ Ke6 61. Ke4 Ke7 62. Kf5 Kf7 63. e6+ Ke7 64. Ke5 Ke8 65. Kf6 Kf8
66. Kg5 Ke8 67. Kg4 Kf8 68. Kf4 Ke8 69. Ke4 Kf8 70. Kd4 Ke8 71. Ke5 Ke7 72. Kf5
Ke8 73. Kf6 Kf8 74. e7+ Ke8 75. Kg7 Kxe7 76. Kh8 Kf6 77. Kxh7 1/2-1/2

[Event "10. Open Pueblo Nuevo 2023"]
[Site "Madrid ESP"]
[Date "2023.09.29"]
[Round "7.9"]
[White "Perdiguero Herreros, Alejandro"]
[Black "Perez Pascual, Arturo"]
[Result "1-0"]
[WhiteElo "1771"]
[BlackElo "1616"]
[PlyCount "35"]
[EventDate "2023.09.23"]
[EventType "swiss"]
[EventRounds "9"]
[EventCountry "ESP"]
[SourceTitle "Ajedrez en Madrid"]
[Source "lmi"]
[SourceDate "2023.09.23"]
[SourceVersion "1"]
[SourceVersionDate "2023.10.01"]
[SourceQuality "1"]

1. e4 e5 2. Nf3 Nf6 3. Nxe5 Qe7 4. d4 Nc6 5. Nc3 Nxe5 6. dxe5 Qxe5 7. f4 Qe6 8.
Qd4 b6 9. Bc4 Bc5 10. Qd3 Bb7 11. Bxe6 dxe6 12. Bd2 Rd8 13. Qe2 Rd4 14. Be3 Rd7
15. Qb5 Bxe4 16. Nxe4 Nxe4 17. Rd1 Nd6 18. Qb3 1-0

[Event "10. Open Pueblo Nuevo 2023"]
[Site "Madrid ESP"]
[Date "2023.09.29"]
[Round "7.10"]
[White "Sotoca Aguado, Jose"]
[Black "Pena Hernandez, Francisco Javier"]
[Result "0-1"]
[WhiteElo "1667"]
[BlackElo "1769"]
[PlyCount "86"]
[EventDate "2023.09.23"]
[EventType "swiss"]
[EventRounds "9"]
[EventCountry "ESP"]
[SourceTitle "Ajedrez en Madrid"]
[Source "lmi"]
[SourceDate "2023.09.23"]
[SourceVersion "1"]
[SourceVersionDate "2023.10.01"]
[SourceQuality "1"]

1. e4 e5 2. Nf3 Nc6 3. Bb5 a6 4. Bxc6 bxc6 5. O-O d6 6. d4 exd4 7. Nxd4 Bd7 8.
Nc3 Nf6 9. Bg5 Be7 10. Qd3 O-O 11. f4 h6 12. Bh4 c5 13. Nf3 Bc6 14. Rad1 Nxe4
15. Bxe7 Qxe7 16. Rfe1 f5 17. Nd2 Qf7 18. Nc4 Nxc3 19. Qxc3 Qg6 20. Qd2 Rae8
21. Qf2 Re4 22. Rxe4 fxe4 23. Ne3 Qf6 24. g3 Qxb2 25. c4 Qxf2+ 26. Kxf2 Rb8 27.
Rd2 Rb4 28. g4 Kf7 29. h4 a5 30. g5 a4 31. h5 hxg5 32. fxg5 a3 33. g6+ Kf6 34.
Kg3 Kg5 35. Rh2 Rb8 36. Rf2 Kxh5 37. Nf5 Rb2 38. Rf4 Bd7 39. Nxg7+ Kxg6 40.
Rxe4 Kxg7 41. Re7+ Kf6 42. Rxd7 Rxa2 43. Rxc7 Ra1 0-1

[Event "10. Open Pueblo Nuevo 2023"]
[Site "Madrid ESP"]
[Date "2023.09.29"]
[Round "7.11"]
[White "Becerra Baigorri, Jose"]
[Black "Camarero Izquierdo, Juan Carlos"]
[Result "0-1"]
[WhiteElo "1494"]
[BlackElo "1721"]
[PlyCount "20"]
[EventDate "2023.09.23"]
[EventType "swiss"]
[EventRounds "9"]
[EventCountry "ESP"]
[SourceTitle "Ajedrez en Madrid"]
[Source "lmi"]
[SourceDate "2023.09.23"]
[SourceVersion "1"]
[SourceVersionDate "2023.10.01"]
[SourceQuality "1"]

1. e4 c5 2. Nf3 d6 3. d4 cxd4 4. Nxd4 Nf6 5. Nc3 a6 6. Be2 e6 7. Be3 Nbd7 8.
O-O Qc7 9. f4 b5 10. Bf3 Bb7 0-1

[Event "10. Open Pueblo Nuevo 2023"]
[Site "Madrid ESP"]
[Date "2023.09.29"]
[Round "7.12"]
[White "Castro Uceda, Jose Antonio"]
[Black "Villodre Miranda, Juan Alonso"]
[Result "0-1"]
[WhiteElo "1523"]
[BlackElo "1507"]
[PlyCount "152"]
[EventDate "2023.09.23"]
[EventType "swiss"]
[EventRounds "9"]
[EventCountry "ESP"]
[SourceTitle "Ajedrez en Madrid"]
[Source "lmi"]
[SourceDate "2023.09.23"]
[SourceVersion "1"]
[SourceVersionDate "2023.10.01"]
[SourceQuality "1"]

1. e4 e5 2. Qh5 d6 3. Bc4 Qe7 4. d3 Nf6 5. Qf3 Be6 6. Bxe6 Qxe6 7. Ne2 Qg4 8.
Qxg4 Nxg4 9. h3 Nf6 10. Nbc3 h6 11. d4 exd4 12. Nxd4 a6 13. O-O Nbd7 14. Re1
O-O-O 15. Bf4 g6 16. Rad1 Bg7 17. Nd5 g5 18. Bg3 Nxd5 19. exd5 Rhe8 20. c3 Bxd4
21. cxd4 f5 22. f4 Nf6 23. fxg5 hxg5 24. Re6 Nxd5 25. Rde1 Kd7 26. Rg6 Rg8 27.
Rh6 Rh8 28. Rg6 Rdg8 29. Rge6 f4 30. Bf2 Ne3 31. Re4 Nd5 32. a3 g4 33. hxg4
Rxg4 34. g3 Rhg8 35. Kg2 fxg3 36. Rxg4 Rxg4 37. Bxg3 Rxd4 38. Kf3 Rd2 39. Rb1
Rd3+ 40. Kg4 Rb3 41. Be1 Ne3+ 42. Kg5 Nc4 43. Bc3 Nxa3 44. Rh1 Nb5 45. Rh7+ Kc6
46. Bf6 d5 47. Rh6 Kc5 48. Be7+ Nd6 49. Rh2 Kc6 50. Rc2+ Kd7 51. Bf8 d4 52. Rh2
d3 53. Kf4 Nc4 54. Bg7 d2 55. Rh1 Nxb2 56. Bxb2 Rxb2 57. Ke3 a5 58. Kd3 a4 59.
Kc3 Rb3+ 60. Kxd2 b5 61. Kc2 Kc6 62. Rh5 Kb6 63. Rg5 c5 64. Rg6+ Ka5 65. Rg1
Kb4 66. Ra1 Rh3 67. Rb1+ Kc4 68. Kd2 b4 69. Kc1 b3 70. Kb2 Kb4 71. Re1 a3+ 72.
Kb1 c4 73. Rf1 Kc3 74. Rc1+ Kb4 75. Re1 a2+ 76. Ka1 Rh8 0-1

[Event "10. Open Pueblo Nuevo 2023"]
[Site "Madrid ESP"]
[Date "2023.09.29"]
[Round "7.13"]
[White "Martinez Miura, Enrique"]
[Black "Valido Gonzalez, Himar"]
[Result "1/2-1/2"]
[WhiteElo "1473"]
[BlackElo "1439"]
[PlyCount "103"]
[EventDate "2023.09.23"]
[EventType "swiss"]
[EventRounds "9"]
[EventCountry "ESP"]
[SourceTitle "Ajedrez en Madrid"]
[Source "lmi"]
[SourceDate "2023.09.23"]
[SourceVersion "1"]
[SourceVersionDate "2023.10.01"]
[SourceQuality "1"]

1. e4 d5 2. exd5 Qxd5 3. Nc3 Qa5 4. Bc4 Nf6 5. h3 c6 6. Nf3 Bf5 7. O-O e6 8. d3
Bd6 9. Bd2 Qc7 10. Re1 Bf4 11. Nd4 Bxd2 12. Qxd2 O-O 13. Nxf5 exf5 14. Qg5 f4
15. Qe5 Qxe5 16. Rxe5 Nbd7 17. Rf5 f3 18. Rxf3 Ne5 19. Rf4 Nxc4 20. Rxc4 Rfe8
21. Kf1 Re6 22. Ne4 Nxe4 23. Rxe4 Rxe4 24. dxe4 Kf8 25. Rd1 Ke7 26. f4 f6 27.
Kf2 Rf8 28. Ke3 Rf7 29. g4 Ke6 30. Rd8 h6 31. f5+ Ke5 32. Re8+ Kd6 33. Kf4 Rd7
34. e5+ fxe5+ 35. Rxe5 Rf7 36. c4 b6 37. b4 c5 38. bxc5+ bxc5 39. Re6+ Kc7 40.
Ra6 Kb7 41. Re6 Rd7 42. Ke5 Kc7 43. f6 gxf6+ 44. Rxf6 Rd4 45. Rxh6 Rxc4 46. Kd5
Rc3 47. Rc6+ Kd7 48. Rxc5 Rxh3 49. Rc4 Ra3 50. Rc2 Rg3 51. Rc4 Ra3 52. Rc2
1/2-1/2

[Event "10. Open Pueblo Nuevo 2023"]
[Site "Madrid ESP"]
[Date "2023.09.29"]
[Round "7.14"]
[White "Benito Mellado, Humberto"]
[Black "Martin Sanchez, Fernando"]
[Result "0-1"]
[WhiteElo "1335"]
[BlackElo "1486"]
[PlyCount "138"]
[EventDate "2023.09.23"]
[EventType "swiss"]
[EventRounds "9"]
[EventCountry "ESP"]
[SourceTitle "Ajedrez en Madrid"]
[Source "lmi"]
[SourceDate "2023.09.23"]
[SourceVersion "1"]
[SourceVersionDate "2023.10.01"]
[SourceQuality "1"]

1. d4 d6 2. c4 c5 3. d5 e5 4. dxe6 Bxe6 5. e4 g6 6. Qb3 Qd7 7. Nc3 Nc6 8. Nf3
Na5 9. Qb5 Qxb5 10. Nxb5 Kd7 11. b3 Bg7 12. Rb1 a6 13. Na3 Bc3+ 14. Bd2 Bxd2+
15. Nxd2 f5 16. g3 Nf6 17. Bg2 fxe4 18. Nxe4 Nxe4 19. Bxe4 Bh3 20. Kd2 Rhe8 21.
Bd5 Rf8 22. f4 g5 23. Ke3 Rae8+ 24. Kf3 h5 25. Rbe1 Bg4+ 26. Kf2 gxf4 27. Rxe8
fxg3+ 28. Kxg3 Rxe8 29. Kf2 Re2+ 30. Kg3 Rxa2 31. Nb1 Rb2 32. Nc3 Rxb3 33. Rc1
Nc6 34. h3 Be6 35. Kh4 Ne7 36. Bxb7 Rxb7 37. Ne4 Rb3 38. Nf6+ Kd8 39. Rd1 Rxh3+
40. Kg5 Rg3+ 41. Kf4 Rg4+ 42. Nxg4 Bxg4 43. Rxd6+ Kc7 44. Rxa6 Nc6 45. Ra8 Kb6
46. Ra1 Na5 47. Rb1+ Kc6 48. Rc1 Be2 49. Rc2 Bxc4 50. Rh2 Bf7 51. Ke5 Nb7 52.
Kf6 Nd6 53. Ke7 c4 54. Rd2 Bd5 55. Ra2 Ne4 56. Ra6+ Kb5 57. Rh6 Ng3 58. Rg6 h4
59. Kd6 Bg2 60. Rg5+ Kb4 61. Rg4 Ne4+ 62. Ke5 h3 63. Kd4 c3 64. Kd3 h2 65. Rh4
h1=Q 66. Rxh1 Nf2+ 67. Kc2 Nxh1 68. Kc1 Be4 69. Kd1 Kb3 0-1

[Event "10. Open Pueblo Nuevo 2023"]
[Site "Madrid ESP"]
[Date "2023.09.29"]
[Round "7.15"]
[White "Moreno Ortega, Jose Francisco"]
[Black "Veuthey Martinez, Eloy"]
[Result "0-1"]
[WhiteElo "1227"]
[BlackElo "1462"]
[PlyCount "52"]
[EventDate "2023.09.23"]
[EventType "swiss"]
[EventRounds "9"]
[EventCountry "ESP"]
[SourceTitle "Ajedrez en Madrid"]
[Source "lmi"]
[SourceDate "2023.09.23"]
[SourceVersion "1"]
[SourceVersionDate "2023.10.01"]
[SourceQuality "1"]

1. e4 d6 2. Nf3 Nf6 3. Nc3 e5 4. Bc4 Be7 5. O-O O-O 6. d3 c6 7. h3 a5 8. a4 Na6
9. Bd2 d5 10. Bxa6 Rxa6 11. Bg5 d4 12. Na2 h6 13. Bh4 Qc7 14. g3 g5 15. Nxg5
hxg5 16. Bxg5 Nh7 17. Bxe7 Qxe7 18. Kh2 Qe6 19. g4 Qh6 20. Rg1 Ng5 21. Rg3 Kg7
22. f3 Rh8 23. Qf1 c5 24. Qh1 Nxh3 25. Qf1 Nf4+ 26. Kg1 Qh2# 0-1

[Event "10. Open Pueblo Nuevo 2023"]
[Site "Madrid ESP"]
[Date "2023.09.30"]
[Round "8.2"]
[White "Garrido Olivares, Ricard"]
[Black "Rottenwohrer Suarez, Juan"]
[Result "0-1"]
[WhiteElo "2164"]
[BlackElo "2281"]
[PlyCount "34"]
[EventDate "2023.09.23"]
[EventType "swiss"]
[EventRounds "9"]
[EventCountry "ESP"]
[SourceTitle "Ajedrez en Madrid"]
[Source "lmi"]
[SourceDate "2023.09.23"]
[SourceVersion "1"]
[SourceVersionDate "2023.10.01"]
[SourceQuality "1"]

1. c4 e5 2. Nc3 Nf6 3. Nf3 e4 4. Ng5 c6 5. Qa4 Qe7 6. Qc2 b5 7. cxb5 d5 8. e3
c5 9. d3 Qe5 10. Nh3 exd3 11. Bxd3 Bd6 12. Bd2 O-O 13. O-O-O c4 14. Be2 Bf5 15.
Qa4 Nbd7 16. e4 Nxe4 17. Bf4 Qxf4+ 0-1

[Event "10. Open Pueblo Nuevo 2023"]
[Site "Madrid ESP"]
[Date "2023.09.30"]
[Round "8.3"]
[White "Mkrtchyan, Levon"]
[Black "Estevez Sacristan, Deva"]
[Result "1-0"]
[WhiteElo "2233"]
[BlackElo "1948"]
[PlyCount "147"]
[EventDate "2023.09.23"]
[EventType "swiss"]
[EventRounds "9"]
[EventCountry "ESP"]
[SourceTitle "Ajedrez en Madrid"]
[Source "lmi"]
[SourceDate "2023.09.23"]
[SourceVersion "1"]
[SourceVersionDate "2023.10.01"]
[SourceQuality "1"]

1. e4 c5 2. Nf3 g6 3. d4 cxd4 4. Nxd4 Nc6 5. c4 Nf6 6. Nc3 Nxd4 7. Qxd4 d6 8.
Be2 Bg7 9. Bg5 O-O 10. Qd2 a5 11. Rd1 Be6 12. b3 Nd7 13. O-O Nc5 14. f3 Qb6 15.
Be3 Qb4 16. Nb5 Qxd2 17. Rxd2 Rfc8 18. Rb1 f5 19. Bd3 Bd7 20. Nd4 f4 21. Bf2
Be5 22. Be2 g5 23. Nb5 Ne6 24. Na7 Rf8 25. a3 Rfb8 26. Bb6 Bc6 27. b4 axb4 28.
axb4 g4 29. b5 gxf3 30. bxc6 bxc6 31. Nxc6 fxe2 32. Kf2 Nc5 33. Rxe2 Rb7 34.
Rb5 Nd7 35. Bd8 Rxb5 36. cxb5 Bd4+ 37. Nxd4 Rxd8 38. Ne6 Rb8 39. Rb2 Nb6 40.
Nxf4 Rf8 41. Kg3 Kf7 42. Nd5 Rb8 43. Nxb6 Rxb6 44. Kf4 Ke6 45. g4 d5 46. exd5+
Kxd5 47. Rd2+ Ke6 48. Re2+ Kf6 49. Re5 Rd6 50. g5+ Kf7 51. Rc5 h6 52. gxh6 Rxh6
53. Rc2 Rh4+ 54. Kg5 Rb4 55. Rc5 Kg7 56. Re5 e6 57. h4 Rb1 58. Rc5 Rg1+ 59. Kf4
Kf6 60. h5 e5+ 61. Ke4 Re1+ 62. Kd5 e4 63. Kd4 e3 64. Kd3 Ke6 65. h6 Rh1 66.
Kxe3 Kd7 67. Rc6 Rh5 68. Kf4 Rxb5 69. h7 Rb8 70. Rh6 Rh8 71. Kf5 Ke7 72. Kg6
Kf8 73. Kf6 Ke8 74. Kg7 1-0

[Event "10. Open Pueblo Nuevo 2023"]
[Site "Madrid ESP"]
[Date "2023.09.30"]
[Round "8.4"]
[White "Longa Yauca, Javier"]
[Black "Gallego Bergada, Antoni"]
[Result "1-0"]
[WhiteElo "2197"]
[BlackElo "2118"]
[PlyCount "49"]
[EventDate "2023.09.23"]
[EventType "swiss"]
[EventRounds "9"]
[EventCountry "ESP"]
[SourceTitle "Ajedrez en Madrid"]
[Source "lmi"]
[SourceDate "2023.09.23"]
[SourceVersion "1"]
[SourceVersionDate "2023.10.01"]
[SourceQuality "1"]

1. d4 f5 2. Nf3 Nf6 3. b3 e6 4. Bb2 Be7 5. g3 b6 6. Bg2 Bb7 7. O-O O-O 8. c4
Qe8 9. d5 exd5 10. Nh4 Ne4 11. cxd5 Qf7 12. Nc3 Bf6 13. Bxe4 fxe4 14. Qc2 Bxd5
15. Nxd5 Bxb2 16. Rad1 Be5 17. Nxc7 Bxc7 18. Qxc7 Qe6 19. Rd6 Qe5 20. Qc4+ Kh8
21. Rfd1 b5 22. Qc7 e3 23. f4 Qb2 24. Kf1 Na6 25. Rxa6 1-0

[Event "10. Open Pueblo Nuevo 2023"]
[Site "Madrid ESP"]
[Date "2023.09.30"]
[Round "8.5"]
[White "Martinez Fernandez, Raul"]
[Black "Perdiguero Herreros, Alejandro"]
[Result "1-0"]
[WhiteElo "2228"]
[BlackElo "1771"]
[PlyCount "141"]
[EventDate "2023.09.23"]
[EventType "swiss"]
[EventRounds "9"]
[EventCountry "ESP"]
[SourceTitle "Ajedrez en Madrid"]
[Source "lmi"]
[SourceDate "2023.09.23"]
[SourceVersion "1"]
[SourceVersionDate "2023.10.01"]
[SourceQuality "1"]

1. e4 e6 2. d4 d5 3. Nc3 Nf6 4. exd5 exd5 5. Bd3 Bd6 6. Nge2 Nbd7 7. O-O O-O 8.
Ng3 Re8 9. Nf5 Nf8 10. Qf3 Bxf5 11. Qxf5 g6 12. Qf3 Ne6 13. Ne2 c6 14. c3 Nh5
15. g3 Ng5 16. Qg2 Qf6 17. f4 Ne4 18. f5 Qg7 19. Qh3 h6 20. g4 Nhf6 21. Bxh6
Qh7 22. fxg6 Qxg6 23. g5 Nxg5 24. Bxg5 Qxg5+ 25. Kf2 Ng4+ 26. Ke1 Nf6 27. Kd1
Re3 28. Rf3 Rae8 29. Rxe3 Rxe3 30. Qc8+ Kg7 31. Kc2 Qg2 32. Kb3 Bxh2 33. Nc1
Qf3 34. Qxb7 Qd1+ 35. Bc2 Qxd4 36. Qxc6 Qd2 37. Nd3 Rxd3 38. Rd1 Qxd1 39. Bxd1
Rxd1 40. Qa6 Ne4 41. Qxa7 Kg6 42. a4 f5 43. Qb6+ Kh5 44. Qb5 Kh4 45. a5 f4 46.
Qe2 Rd2 47. Qf1 Rf2 48. Qb5 Rd2 49. a6 Bg1 50. Qf1 Be3 51. a7 Bxa7 52. Qxf4+
Kh5 53. Qf7+ Kg5 54. Qxa7 Kf5 55. Qe3 Ke5 56. Ka3 Rf2 57. Qd4+ Kd6 58. Qg7 Kc6
59. Qg6+ Kb5 60. Kb3 Rd2 61. Ka3 Rf2 62. Qe6 Kc5 63. b4+ Kc4 64. Qc6+ Kd3 65.
Qxd5+ Ke3 66. Qd4+ Kf4 67. c4 Rd2 68. Qh8 Nd6 69. c5 Nb5+ 70. Ka4 Nc3+ 71. Qxc3
1-0